| 000 | 01228pam a2200301 a 4500 | ||
|---|---|---|---|
| 999 |
_c17486 _d17486 |
||
| 001 | 4960730 | ||
| 005 | 20161126114949.0 | ||
| 008 | 970321s1998 my a b 001 0 eng | ||
| 010 | _a 97003082 | ||
| 020 | _a9835600279 | ||
| 040 |
_aDLC _cDLC _dDLC |
||
| 043 | _aa-th--- | ||
| 050 | 0 | 0 |
_aNA1521 _b.A2 1997 |
| 100 | 1 | _aAasen, Clarence T. | |
| 245 | 1 | 0 |
_aArchitecture of Siam : _ba cultural history interpretation / _cClarence Aasen. |
| 260 |
_aKuala Lumpur ; _aNew York : _bOxford University Press, _c1998. |
||
| 300 |
_axix, 291 p. : _bill. (some col.) ; _c26 cm. |
||
| 504 | _aIncludes bibliographical references (p. 253-275) and index. | ||
| 650 | 0 |
_aArchitecture _zThailand. |
|
| 650 | 0 |
_aArchitecture and society _zThailand. |
|
| 856 | 4 | 2 |
_3Publisher description _uhttp://www.loc.gov/catdir/enhancements/fy0604/97003082-d.html |
| 942 |
_2lcc _cBOOKS _hNA1521 .A2 1997 |
||